| 000 | 01721nam a22004817a 4500 | ||
|---|---|---|---|
| 001 | 000095401 | ||
| 003 | CHAP | ||
| 005 | 20220329143108.0 | ||
| 008 | 060315d2005 mx r 00110 spa d | ||
| 010 | _a91867 | ||
| 011 | _a92839 | ||
| 035 | _a103405 | ||
| 040 | _cCHAP | ||
| 090 | _aTesis | ||
| 100 | 1 |
_aSantiago Romero, Alejandro. _9102387 |
|
| 245 | 1 | 0 |
_aIndice de velocidad de emergencia en lineas de Maíz (Zea mayz L.) / _c/por Alejandro Santiago Romero. |
| 260 |
_aChapingo, Méx. : _bEl autor, _c2005. |
||
| 300 |
_a46 h. : _bgráfs.; cuadros. |
||
| 502 | _aTesis (Ing. Agr. Esp. en Fitotecnia) - - UACH. Departamento de Fitotecnia | ||
| 590 |
_aALEPH _b10 _c20130110 _lUCH01 _h1510 |
||
| 590 |
_aBATCH-UPD _b10 _c20130110 _lUCH01 _h0301 |
||
| 590 |
_aBATCH-UPD _b10 _c20130110 _lUCH01 _h1126 |
||
| 590 |
_aBATCH-UPD _b10 _c20130409 _lUCH01 _h2332 |
||
| 590 |
_aBATCH-UPD _b10 _c20130914 _lUCH01 _h1746 |
||
| 590 |
_aBATCH-UPD _b10 _c20140324 _lUCH01 _h1455 |
||
| 590 |
_aBATCH-UPD _b10 _c20141002 _lUCH01 _h0829 |
||
| 590 |
_aCONVERSION _b10 _c20130109 _lUCH01 _h1351 |
||
| 590 |
_aE12093SGE _b10 _c20130531 _lUCH01 _h1039 |
||
| 590 |
_aE12093SGE _b10 _c20130709 _lUCH01 _h1050 |
||
| 650 | 1 | 4 |
_aMaíz. _970848 |
| 650 | 1 | 4 |
_aMaíz _xGerminación. _970965 |
| 650 | 1 | 4 |
_aMaíz _xHíbridos. _970974 |
| 650 | 1 | 4 |
_aMaíz _xSemilla. _971059 |
| 650 | 1 | 4 |
_aSemillas _xInvestigación. _9103907 |
| 650 | 1 | 4 |
_aSemillas _xVigor. _9103934 |
| 856 |
_3Finding aid _uhttp://10.13.5.2/tesis/103405.pdf _zTeclea aquí |
||
| 901 | _aBK | ||
| 905 | _aElisama A. H. | ||
| 942 | _cCD | ||
| 942 | _n0 | ||
| 949 |
_aTesis _bBC _cTES _d00000000103405 _eTS1 _h44355 _i103405 _sb |
||
| 949 |
_aTesis _bBC _cTES _d33724000969705 _eTS2 _fc.2 _h44356 _i103405 _sb |
||
| 999 |
_c91867 _d91867 |
||